| 000 | 01102nam a2200289 i 4500 | ||
|---|---|---|---|
| 001 | 000005188 | ||
| 003 | DO-SdBNP | ||
| 005 | 20240312154551.0 | ||
| 007 | ta | ||
| 008 | 090806s1999 dr a 000 0 spa d | ||
| 020 | _a9768160535 | ||
| 040 |
_aDO-SdBNP _bspa _cBNHPU _erda |
||
| 082 | 4 |
_a342.729303 _bP977d _222 |
|
| 245 | 0 | 3 |
_aEl pueblo discute su Constitución : _bla reforma constitucional en los foros. |
| 264 |
_aSanto Domingo : _bComisión Presidencial para la Reforma y Modernización del Estado, _c1999. |
||
| 300 |
_a235 páginas : _bilustraciones, retratos. ; _c26 cm. |
||
| 336 |
_2rdacontent _atexto _brda |
||
| 337 |
_2rdamedia _asin mediación _bn |
||
| 338 |
_2rdacarrier _avolumen _bnc |
||
| 490 | _aDebates constitucionales | ||
| 590 | _aInventariado, 2018/LP | ||
| 650 | 4 |
_aReformas constitucionales _zRepública Dominicana _98313 |
|
| 651 | 4 |
_aRepública Dominicana _xDerecho constitucional _99303 |
|
| 710 | 1 |
_aRepública Dominicana. _bComisión Presidencial para la Reforma y la Modernización del Estado _914849 |
|
| 910 | _aValidado. Control de calidad MFF | ||
| 942 |
_2ddc _cLBS1 |
||
| 999 |
_c4990 _d4990 |
||